000 00502nam a2200181Ia 4500
005 20250317123730.0
008 008 250317s9999 xx 000 0 eng d
037 _aTextbook
040 _aFMSL
_beng
_cFMSL
041 _aeng
_2eng
084 _aT48 L3
_qFMSL
100 _aParsons C J
_947809
245 0 _aTheses and project work
260 _aLondon
_bLondon, George Allen and Unwin Ltd.
_c1973
300 _a89p
942 _cTB
_hT48 L3
999 _c1252494
_d1252494